| 000 | 00446nam a22001577a 4500 | ||
|---|---|---|---|
| 003 | OSt | ||
| 005 | 20251210123209.0 | ||
| 008 | 251210b |||||||| |||| 00| 0 eng d | ||
| 020 | _a0855161752 | ||
| 040 |
_aLC _cJCSC |
||
| 050 |
_aJZ 5588 _b.N49 1997 |
||
| 245 | _aThe new international security review 1998 / | ||
| 260 |
_aLondon : _bThe royal united services institute for defence studies ; _c1997. |
||
| 300 | _a340 pages. | ||
| 942 |
_2lcc _cBK _n0 |
||
| 999 |
_c23179 _d23178 |
||